| 000 | 00900nam a2200241 i 4500 | ||
|---|---|---|---|
| 001 | 180762 | ||
| 003 | ES-MaACL | ||
| 005 | 20230930163734.0 | ||
| 008 | 120710s2010 sp |||| | spa d | ||
| 020 | _a978-84-15200-03-1 | ||
| 080 | _a821.134.2-14"19" | ||
| 100 | 1 |
_aReina, Manuel Francisco. _996026 |
|
| 245 | 1 | 3 |
_aLa vocación del zángano / _cManuel Francisco Reina. |
| 250 | _a1ª ed. | ||
| 260 |
_aGranada : _bLa Compañía de Versos Anónimos, _c2010. |
||
| 300 |
_a113 p. ; _c20 cm. |
||
| 505 | 8 |
_aContiene: ; _tEl empeño y la rebeldía, condición poética / _rMagdalena Lasala (p. 9-15) |
|
| 700 | 1 |
_aLasala, Magdalena. _970406 |
|
| 852 |
_aES-MaACL _jA-12129 _9187673 _bR.147054 _cDEPO1 _dOlim: N-5134 _xDonación: Manuel Francisco Reina _zDedicatoria autógrafa del autor |
||
| 903 |
_996026 _aReina, Manuel Francisco _ednr |
||
| 942 |
_2udc _cMONOGRAFIA |
||
| 999 |
_c180762 _d180762 |
||